Parts that make up A Car - Statistics

General Stats
  • This quiz has been taken 260 times
  • The average score is 5 of 24
Answer Stats
Answer % Correct
Engine
94%
Tire
45%
Transmission
45%
Brakes
39%
Exhaust
34%
Battery
32%
Chassis
31%
Steering
30%
Radiator
27%
Suspension
27%
Alternator
24%
Axle
19%
Fuel Tank
17%
Crankshaft
16%
Headlights
14%
Spark Plugs
12%
Fuel Injector
9%
Air Filter
6%
Shock Absorbers
1%
Braking System
0%
Catalysis
0%
Electric Power System
0%
Powertrain
0%
Suspension System
0%
No matching quizzes found
Score Distribution
Percent of People with Each Score
Percentile by Number Answered
Your Score History
You have not taken this quiz